000 00542nam a2200217Ia 4500
003 OSt
005 20220923230848.0
006 a|||||r|||| 00| 0
007 ta
008 Pun
024 _a306,141
037 _cTextual
040 _aARTS
_cARTS
_bPun
041 _2Pun
_aPun
082 _aO39, 153K4
100 _aਕੁਲਦੀਪ ਸਿੰਘ
245 0 _aਵਿFਵ ਕਹਾਣੀ ਆਲੋਚਨਾ
260 _c1964
942 _hO39, 153K4
_cTEXL
_2CC
999 _c387928
_d387928